000 00581nam a2200193Ia 4500
003 GCL
008 140319s9999 xx 000 0 ara d
040 _aGCL /
_cGCL
082 0 4 _a961.1
_bح ت
100 1 _aالحشائشى, محمد بن عثمان الشريف
245 1 0 _aتاريخ جامع الزيتونة /
_cالحشائشى, محمد بن عثمان الشريف
700 1 _aالجيلانى بن الحاج يحيى
300 _a85 ص
490 _a
650 0 4 _aتاريخ
650 0 4 _aتونس
650 0 4 _aجامع الزيتونة
942 _2ddc
_cBK
999 _c37730
_d37730